Llars Anna G. de Mundet 1957 - 2007 : 50 aniversari, 14-10-2007 / José Luis Roig Rodríguez 50 aniversari, 14-10-2007 / José Luis Roig Rodríguez
Descripción Física:
92 p. : fot. ; 30 cm
MARC
| LEADER | 00000nam a2200000Ia 4500 | ||
|---|---|---|---|
| 001 | 20491 | ||
| 008 | 160829s2007 xx 000 0 cat d | ||
| 080 | |a FOL-3-39 | ||
| 100 | 1 | |a Roig, Josep Lluís, |d 1947- |9 25568 | |
| 245 | |a Llars Anna G. de Mundet 1957 - 2007 : |b 50 aniversari, 14-10-2007 / José Luis Roig Rodríguez | ||
| 260 | |a Barcelona : |b J. L. Roig Rodríguez, |c 2007 | ||
| 300 | |a 92 p. : |b fot. ; |c 30 cm | ||
| 590 | |a Exemplar numerat amb el núm. 11 per a l'Arxiu Històric de la Diputació de Barcelona. | ||
| 590 | |a S'ha utilitzat el fons de l'Arxiu General de la Diputació de Barcelona | ||
| 610 | 2 | 0 | |a Llars Mundet |x Història |9 54212 |
| 650 | |a Orfenats |x Barcelona |9 37281 | ||
| 901 | |a Arxiu | ||
| 942 | |n 1 | ||
| 952 | |0 0 |1 0 |4 0 |6 FOL339 |7 1 |9 52785 |a Arxiu |b Arxiu |d 2016-12-01 |l 0 |o FOL-3-39 |p 20491 |r 2016-12-01 00:00:00 |w 2016-12-01 |y ARXIU | ||
| 999 | |c 56634 |d 56634 | ||